Villes à travers un Hublot - Statistiques

Statistiques générales
  • Ce quiz a été pris 36 fois
  • Le résultat moyen est 9 sur 12
Statistiques - réponses
Indice Réponse % Correct
On survole des gratte-ciels par dizaines et je vois une île avec une statue verte tenant une torche. New-York
100%
Je vois une immense dame de fer et un fleuve qui serpente au milieu de toits en ardoise. Paris
100%
On survole une baie magnifique avec une statue géante de Jésus qui nous ouvre les bras. Rio de Janeiro
100%
Je vois des canaux partout, des vélos et pas une seule colline à l'horizon. Amsterdam
94%
L'avion survole des îles artificielles en forme de palmier et une tour immense qui touche les nuages. Dubai
94%
Le ciel est gris, mais je distingue parfaitement une roue géante au bord d'un fleuve marron et une tour avec une horloge célèbre. Londres
91%
L'avion vire au-dessus d'un opéra qui ressemble à des voiles blanches posées sur l'eau, juste à côté d'un immense pont en acier. Sydney
86%
On approche dans la brume, et je vois soudain dépasser les deux grandes tours d'un pont rouge éclatant. San Francisco
74%
Je survole une mer d'un bleu profond et j'aperçois un rocher plat avec des temples antiques en ruines au milieu de la ville blanche. Athènes
69%
Les rues forment un quadrillage parfait, et au milieu, je vois une cathédrale immense avec des tours qui ressemblent à des châteaux de sable. Barcelone
57%
C'est incroyable, on ne voit aucune voiture ! Juste une ville en forme de poisson posée au milieu de l'eau avec un grand canal en forme de S. Venise
46%
La terre est noire comme de la lave, il n'y a presque pas d'arbres, et je vois de la vapeur s'échapper de sources chaudes près de petites maisons colorées. Reykjavic
0%
Aucun quiz correspondant
Distribution des résultats
% des personnes avec chaque résultat
Percentile par nombre de réponses
Votre historique - résultats
Vous n’avez pas pris ce quiz